03290cam a2200337 i 45000010009000000050017000090080041000260100017000670200018000840200015001020200018001170350024001350400049001590420014002080500023002220820017002452450109002622600055003713000046004265040051004725052048005236500026025716500014025976500032026116500020026437000035026639060045026989420034027439990017027779520158027942133099820230314123415.0191210s2020 enka b 001 0 eng d a 2019956703 a9781789904574 a1789904579 z9781789904581 a(OCoLC)on1128200254 aYDXbengcYDXerdadYDXITdOCLCQdOCLCFdDLC alccopycat00aJC330.3b.R46 202004a320.01/422304aThe rhetoric of political leadership :blogic and emotion in public discourse /cedited by Ofer Feldman. a Cheltenham, UK, :bEdward Elgar Publishing,c2020 axiii, 250 pages :billustrations ;c25 cm aIncludes bibliographical references and index.0 aIntroduction : persuasive speaking and evoking political behavior / Ofer Feldman -- Part I Persuasive leadership : emotion, style, and identity in national and international arenas -- Gender, emotion and political discourse : masculinity, femininity and populism / Carol Johnson -- What makes a speech effective? Netanyahu's and Obama's SPECtrum of Rhetoric Intelligences (SPEC/RI) in United Nations speeches 2009-2012 / Michelle Stein Teer -- Xi Jinping's governance philosophy and language style : analysis of the Chinese leader's speeches / Jianxin Wang -- The French state of emergency : marginalization of the Muslim minority as a consequence of state self-legitimation / Bruno Mendelski -- Part II Evoking behavior: the rhetoric of presidential inauguration, televised interview, and election campaign -- Battling for America's soul : Donald Trump, invited behavior, and the midterm elections of 2018 / Michael Alan Krasner -- Political Public Relations (PPR) techniques: emotional input and output / Albina Gayoso -- The rhetoric of broadcast talk shows in Japan: the art of equivocation as a political skill / Ofer Feldman -- Politicians' use of moral appeals in British political advertising 1983-2017 / Annemarie Walter -- Facial expressions in election campaign posters: the effect of smiling on winning political seats during the -- 2017 Japanese lower house election / Masahiko Asano -- Part III Social media discourse : populism, negative campaigns, and the use of artificial intelligence -- They are lying to us! The rhetoric of direct communication by populist politicians and its effects on the electorate : evidence from the Netherlands / Michael Hameleers -- Emotion, reason, and political attacks on Facebook : the use of rhetorical appeals in the 2014 Brazilian presidential race / Ícaro Joathan and Francisco Paulo Jamil Marques -- Political discourse through artificial intelligence : parliamentary practices and public perceptions of chatbot communication in social media / Chen Sabag Ben-Porat and Sam Lehman-Wilzig. 0aPolitical leadership. 0aRhetoric. 7aPolitical leadership.2fast 7aRhetoric.2fast1 aFeldman, Ofer,d1954-eeditor. a7bcbcccopycatd2eepcnf20gy-gencatlg 2lcccBOOKShJC330.3 .R46 2020 c31544d31544 00102lcc4070aMUCbMUCcGENd2023-03-14ePurchase(Urban Book Centre)g13074.00l1oJC330.3 .R46 2020p39339r2024-10-17s2024-10-03w2023-03-14yBOOKS